000 00568nam a2200217Ia 4500
008 200601s9999 xx 000 0 und d
020 _a978-621-406-234-8
050 _aFIL BJ 1012
050 _b.A54 2019
100 _aAngulo, Joselito B.
245 0 _aEthics :
245 2 _ba heuristic approach /
245 0 _cJoselito, B. Angulo, Ely S. Alpe, Willie A. Bunag.
260 _aManila :
260 _bMindshapers,
260 _c2019
300 _a156 pages :
300 _c23 cm.
500 _aIncludes bibliographical references.
650 _aEthics.
999 _c363170
_d363170